Cognitive-Behavioral Therapy, Mindfulness, and Hypnosis for Smoking Cessation (Record no. 13746)
[ view plain ]
| 000 -LEADER | |
|---|---|
| fixed length control field | 00374nam a22001217a 4500 |
| 020 ## - INTERNATIONAL STANDARD BOOK NUMBER | |
| ISBN | 9781119139645 |
| 082 ## - DEWEY DECIMAL CLASSIFICATION NUMBER | |
| Classification number | 616.865 |
| 100 ## - MAIN ENTRY--AUTHOR NAME | |
| Personal name | Joseph P. Green ; Steven Jay Lynn |
| 245 ## - TITLE STATEMENT | |
| Title | Cognitive-Behavioral Therapy, Mindfulness, and Hypnosis for Smoking Cessation |
| Remainder of title | A Scientifically Informed Intervention |
| 260 ## - PUBLICATION, DISTRIBUTION, ETC. (IMPRINT) | |
| Place of publication | USA |
| Name of publisher | Wiley |
| Year of publication | 2019 |
| 300 ## - PHYSICAL DESCRIPTION | |
| Number of Pages | v, 226 pages |
| 942 ## - ADDED ENTRY ELEMENTS (KOHA) | |
| Koha item type | Books |
| Withdrawn status | Lost status | Collection code | Permanent Location | Current Location | Shelving location | Date acquired | Full call number | Accession Number | Koha item type |
|---|---|---|---|---|---|---|---|---|---|
| | | Psychology | MAJU | MAJU | Shelf No.A35 | 2023-03-21 | 616.865 | 10821 | Books |